000
00318 a2200109 4500
001
ART_44222
005
20260410161842.0
008
260409a
245
1
0
_a
El apremio y los recursos extraordinarios locales
100
1
_a
Tulia, Mauro A.
773
0
_t
RAP
_g
- Año 39, Nº 467 (ago. 2017)
_w
REV5941
999
_c
24230
_d
24230